000 00423nam a2200181Ia 4500
001 10800
005 20260306161858.0
008 260306t1970||||xx |||||||||||||| ||spa||
041 _aESP
082 _a965
_bC17
100 _aCalchi Novati, Giampaolo
_eAUT
245 0 _aLa revolución Argelina
260 _c1970
300 _a446 pƔginas :
_c18 cm.
650 _aGEN
654 _aCHU
942 _cLIB
_dJUS
_fJUS
_2ddc
_n
999 _c10800
_d10800